000
00313nam a22001337a 4500
008
180921b xxu||||| |||| 00| 0 eng d
020
_a
9780078025754
041
_a
eng
080
_2
5 ed
_a
330.722
100
_a
61
101
_a
KON
245
_a
Finacial Accounting Fundamentals
_c
Wild.J.J
942
_2
udc
_c
BK
999
_c
48165
_d
48165